000 00342nam a22001337a 4500
003 OSt
005 20160727222455.0
008 160705b xxu||||| |||| 00| 0 eng d
100 _92156
_a Burchell, M
245 _aThe Brave in Heart
260 _aToronto
_b Harlequin Books
_c Harlequin Books
300 _aThe Brave in Heart
942 _2ddc
_cBK
999 _c1848
_d1848